000 03649cam a2200385 a 4500
001 991015592609707486
005 20251027152930.0
008 941014s1994 ck r 00010 spa d
020 _a9589176240
040 _ala
_cla
_bspa
_erda
041 0 _aspa
043 _as-ck---
082 0 4 _a615.37 /
_bF518i
100 _a Fiorentino Gómez, Susana
_9840
245 0 3 _aLa inmunología en el diagnóstico clínico /
_cSusana Fiorentino Gómez ... [et al.].
264 _aBogotá :
_bCentro editorial Javeriano ;
_c1994.
300 _a207 páginas ;
_bcontiene ilustraciones, gráficos, tablas. :
_c24cm.
336 _2rdacontent
_atexto
_btxt
337 _2rdamedia
_ano mediado
_bn
338 _2rdacarrier
_avolumen
_bnc
490 _aColección textos y manuales
_9841
505 _aÍndice: Capítulo I -- Introducción al laboratorio de inmunología. -- 1.1. Introducción al laboratorio de inmunología. -- 1.2. Preparación de concentraciones y diluciones. -- Ejercicios prácticos. -- Capítulo II Antígenos. -- 2.1. Generalidades. -- 2.2. inmunización y uso de los adyuvantes. -- 2.3. Ejercicios prácticos. -- Capítulo III Anticuerpos -- 3.1. Anticuerpos. -- 3.2. Análisis cualitativo de los anticuerpos. -- 3.3. Análisis cuantitativo de los anticuerpos. - 3.4. Antisueros policlonales y monoclonales. -- 3.5. Ejercicios prácticos. -- Capítulo IV Reacciones antígenos - anticuerpo: interacción primaria. -- 4.1. Reacciones antígenos - anticuerpos : Interacción primaria. -- 4.2. Reacciones de interacción primaria. -- 4.3. Ejercicios prácticos. -- Capítulo 5. Reacciones antígeno - anticuerpo: Interacción secundaria-- 5.1. Reacciones antígeno - anticuerpo: Interacción secundaria -- 5.2. Ejercicios prácticos. -- Capítulo VI El complemento. -- 6.1 El complemento. -- 6.2. Ejercicios prácticos. -- Capítulo VII Métodos de estudio de la inmunidad celular. -- 7.1. Métodos de estudio de la inmunidad celular. -- 7.2. Pruebas cutáneas. -- 7.3. Ejercicios prácticos. -- Capítulo VIII El laboratorio en inmunología. -- 8.1 El laboratorio en inmunología. -- 8.2Ejercicios prácticos. -- Anexos
520 _aEl libro La inmunología en el diagnóstico clínico presenta una visión integral de los fundamentos inmunológicos aplicados a la práctica médica y al laboratorio clínico. Las autoras, Susana Fiorentino Gómez, María Fernanda Gutiérrez Fernández, Nelly Susana Rueda Ardila y Jairo Antonio Rodríguez Rodríguez, explican los principios básicos del sistema inmunitario, sus componentes celulares y humorales, así como los mecanismos de respuesta frente a agentes infecciosos y enfermedades autoinmunes. La obra enfatiza la utilidad de las técnicas inmunológicas en el diagnóstico de patologías, el control de calidad en los laboratorios y la interpretación de pruebas serológicas, moleculares y de inmunodiagnóstico. Con un enfoque didáctico y ejemplos clínicos, el texto constituye una herramienta esencial para estudiantes y profesionales de áreas biomédicas interesados en comprender la aplicación práctica de la inmunología en el diagnóstico clínico.
650 7 _aInmunología.
_2BLAAUTO
650 0 _aInmunodiagnóstico
_9845
650 0 _aEnfermedades inmunológicas
_9846
650 0 _aPruebas inmunológicas en medicina
_9847
650 0 _aInmunología médica
_9848
650 0 _aDiagnóstico de laboratorio
_9849
700 1 _aFiorentino Gómez, Susana.
700 _aGutiérrez Fernández, María Fernanda
_9842
700 _aRueda Ardila, Nelly Susana
_9843
700 _aRodríguez Rodríguez, Jairo Antonio
_eAutor
_9844
942 _cBK
_n0
999 _c37844
_d37844